[Event "PNWCC Masters 2020"]
[Site "chess.com INT"]
[Date "2020.05.24"]
[Round "4.36"]
[White "Wofford, Matthew"]
[Black "Rao, Anjaneya"]
[Result "1/2-1/2"]
[WhiteElo "1995"]
[BlackElo "1814"]
[WhiteFideId "2095971"]
[BlackFideId "30954770"]
[EventDate "2020.05.23"]

1. e4 c5 2. Nf3 d6 3. d4 cxd4 4. Nxd4 Nf6 5. Nc3 g6 6. Be3 Bg7 7. f3 O-O 8. Qd2
Nc6 9. Bc4 Bd7 10. h4 h5 11. O-O-O Rc8 12. Bb3 Ne5 13. Kb1 Nc4 14. Bxc4 Rxc4 15.
Nb3 b5 16. Bg5 b4 17. Ne2 Be6 18. Nbd4 Qb6 19. Nxe6 fxe6 20. Nf4 Rfc8 21. Rc1
Kf7 22. g4 hxg4 23. h5 Nxh5 24. fxg4 Ng3 25. Nd5 exd5 26. Qxd5+ e6 27. Rhf1+ Nf5
28. Qd3 Qd4 29. Qxd4 Rxd4 30. Rce1 Rdc4 31. exf5 exf5 32. gxf5 gxf5 33. Rxf5+
Kg6 34. Rf2 Kxg5 35. Rg1+ Rg4 36. Rxg4+ Kxg4 37. Rg2+ Kf5 38. Rxg7 a5 39. Re7
Rc5 40. b3 Re5 41. Ra7 Ke6 42. Kb2 Rc5 43. Rh7 Kd5 44. Rh2 Kc6 45. a3 Kb5 46.
Rd2 Kc6 47. Ka2 Rd5 48. Rh2 Rc5 49. Kb2 Kb5 50. Rd2 Kc6 1/2-1/2

[Event "PNWCC Masters 2020"]
[Site "chess.com INT"]
[Date "2020.05.24"]
[Round "4.37"]
[White "Li, Thomas"]
[Black "Tu, Lawrence"]
[Result "1-0"]
[WhiteElo "1822"]
[BlackElo "1554"]
[WhiteFideId "30957621"]
[BlackFideId "30935407"]
[EventDate "2020.05.23"]

1. e4 c5 2. Nc3 d6 3. f4 Nc6 4. Nf3 Nf6 5. Ng1 Bg4 6. Be2 Bxe2 7. Ngxe2 e6 8.
O-O Be7 9. Ng3 O-O 10. d3 a6 11. f5 d5 12. Nh5 Qd7 13. Bg5 Qd8 14. Bxf6 Bxf6 15.
Qg4 Bd4+ 16. Kh1 dxe4 17. f6 g6 18. Nxe4 Kh8 19. Qg5 Rg8 20. Nf4 Nb8 21. c3 Be3
22. Rf3 Bxf4 23. Qxf4 Qd5 24. Ng5 e5 25. Qxe5 1-0

[Event "PNWCC Masters 2020"]
[Site "chess.com INT"]
[Date "2020.05.24"]
[Round "4.39"]
[White "Levine, Owen"]
[Black "Hoesley, Aria"]
[Result "0-1"]
[WhiteElo "1574"]
[BlackElo "1885"]
[WhiteFideId "30970423"]
[BlackFideId "30918669"]
[EventDate "2020.05.23"]

1. e4 g6 2. d4 Bg7 3. Nc3 d6 4. f4 Nc6 5. Nf3 Bg4 6. d5 Nd4 7. Be2 Bxf3 8. Bxf3
c5 9. O-O Nf6 10. Be3 Nd7 11. Qd2 Nb6 12. Be2 O-O 13. Nd1 Nxe2+ 14. Qxe2 Qd7 15.
g4 e6 16. c4 exd5 17. cxd5 Rae8 18. Qg2 Qe7 19. f5 Nc4 20. fxg6 fxg6 21. Rxf8+
Bxf8 22. h3 Nxe3 23. Nxe3 Qxe4 24. Qxe4 Rxe4 25. Kf2 Bh6 26. Nc2 Kf7 27. Rd1 b5
28. b3 Bg5 29. Kf3 Re5 30. Rd3 Ke7 31. Na3 a6 32. Kf2 Bh4+ 33. Kf3 Re1 34. Rd2
Bg5 35. Re2+ Rxe2 36. Kxe2 Kf6 37. Nc2 Ke5 38. b4 Kxd5 39. bxc5 dxc5 40. Kd3 c4+
41. Kc3 a5 42. a3 Kc5 43. Kb2 b4 44. axb4+ axb4 45. Na1 Bf6+ 46. Kb1 b3 47. h4
Bxh4 48. Kc1 Bg5+ 49. Kb1 Bf6 50. Nxb3+ cxb3 51. g5 Bxg5 52. Kb2 Kb4 53. Ka1 h5
54. Kb2 h4 55. Ka1 Kc3 56. Kb1 h3 57. Ka1 h2 58. Kb1 h1=Q# 0-1

[Event "PNWCC Masters 2020"]
[Site "chess.com INT"]
[Date "2020.05.24"]
[Round "4.40"]
[White "Ho, Cooper"]
[Black "Ho, Carter"]
[Result "1-0"]
[WhiteElo "1663"]
[BlackElo "1415"]
[WhiteFideId "30964610"]
[BlackFideId "30965292"]
[EventDate "2020.05.23"]

1. e4 e5 2. Nf3 Nf6 3. Nxe5 d6 4. Nf3 Nxe4 5. Nc3 Nxc3 6. dxc3 Be7 7. Be3 O-O 8.
Qd2 a6 9. O-O-O Be6 10. Kb1 b5 11. h4 c5 12. Ng5 Qa5 13. Nxe6 fxe6 14. Be2 Qa4
15. Bg5 Bxg5 16. hxg5 d5 17. Bd3 g6 18. Qe3 Qf4 19. Qxe6+ Qf7 20. Qxf7+ Rxf7 21.
Be2 Rxf2 22. Bf3 Ra7 23. Rxd5 Kg7 24. Rhd1 Nc6 25. Rxc5 Ne7 26. a3 Nf5 27. Rd8
Kf7 28. Re5 Ne7 29. Rd6 Kg7 30. Ree6 Nf5 31. Rxa6 Rxa6 32. Rxa6 Nh4 33. Ra5 Nxg2
34. Bxg2 Rxg2 35. Rxb5 h5 36. gxh6+ Kxh6 37. a4 g5 38. a5 g4 39. a6 Rf2 40. a7
Rf8 41. Rb8 Rf1+ 42. Ka2 Rf5 43. a8=Q Kg5 44. Rg8+ Kf4 45. Qa4+ Ke3 46. Rxg4 Kf3
47. Qe4+ Kf2 48. Qxf5+ Ke2 49. Re4+ Kd2 50. Qf2+ Kc1 51. Re1# 1-0

[Event "PNWCC Masters 2020"]
[Site "chess.com INT"]
[Date "2020.05.24"]
[Round "4.42"]
[White "Harish, Neeraj"]
[Black "Li, David Xinjian"]
[Result "0-1"]
[WhiteElo "1472"]
[BlackElo "1672"]
[WhiteFideId "30958130"]
[BlackFideId "30926319"]
[EventDate "2020.05.23"]

1. e4 c5 2. Nf3 d6 3. d4 cxd4 4. Nxd4 Nf6 5. Nc3 g6 6. Be3 Bg7 7. f3 O-O 8. Bc4
Nc6 9. Qd2 Ne5 10. Bb3 Bd7 11. O-O-O Qa5 12. h4 h5 13. Kb1 Rfc8 14. g4 hxg4 15.
h5 Nxh5 16. f4 Nc4 17. Bxc4 Rxc4 18. f5 Rxc3 19. bxc3 Ng3 20. Nb3 Qxc3 21. Qxc3
Bxc3 22. Rhg1 Nxe4 23. fxg6 fxg6 24. Rd3 Bf6 25. Bd4 Bg5 26. Rh1 e5 27. Be3 Bxe3
28. Rxe3 Bf5 29. Rd1 Rc8 30. Kb2 Kf7 31. Rf1 Ke6 32. Rd1 Rc6 33. Rde1 d5 34. Rd1
b6 35. a4 Rc4 36. a5 b5 37. Rh1 Nf2 38. Rc1 d4 39. Re2 Ne4 40. Rce1 Kd5 41. Nd2
Nxd2 42. Rxd2 e4 0-1

[Event "PNWCC Masters 2020"]
[Site "chess.com INT"]
[Date "2020.05.24"]
[Round "4.43"]
[White "Xu, Jayden"]
[Black "Feng, Andrew"]
[Result "0-1"]
[WhiteElo "1683"]
[BlackElo "1484"]
[WhiteFideId "30941423"]
[BlackFideId "30943256"]
[EventDate "2020.05.23"]

1. d4 d5 2. c4 e6 3. Nc3 c6 4. Nf3 Nf6 5. Bg5 Nbd7 6. e3 Be7 7. Bd3 O-O 8. Qc2
b6 9. Ne5 Bb7 10. Nxd7 Qxd7 11. Bxf6 Bxf6 12. Bxh7+ Kh8 13. Bd3 c5 14. Qe2 g6
15. Qg4 cxd4 16. h4 dxc3 17. h5 g5 18. f4 cxb2 19. Rb1 Rg8 20. h6 dxc4 21. Bc2
Bc3+ 22. Kf2 Qd2+ 0-1

[Event "PNWCC Masters 2020"]
[Site "chess.com INT"]
[Date "2020.05.24"]
[Round "4.44"]
[White "Yang, Maxwell"]
[Black "Jones, Davey"]
[Result "1-0"]
[WhiteElo "1075"]
[BlackElo "1593"]
[WhiteFideId "30965268"]
[BlackFideId "2088053"]
[EventDate "2020.05.23"]

1. e4 c5 2. Nf3 a6 3. c4 e6 4. d4 cxd4 5. Nxd4 Nf6 6. Nc3 Qc7 7. Be2 Bb4 8. Qd3
O-O 9. Nc2 Be7 10. Qg3 Qxg3 11. hxg3 Nc6 12. Be3 d6 13. Rd1 Rb8 14. b4 Nd7 15.
b5 Bf6 16. Na4 axb5 17. cxb5 Nce5 18. f4 Ng6 19. Ba7 Ra8 20. b6 Nxb6 21. Nxb6
Rxa7 22. Rxd6 Be7 23. Rd2 Bc5 24. Nd7 Bxd7 25. Rxd7 Rxa2 26. Bd1 b6 27. Rf1 Rb8
28. Rf3 Nf8 29. Rdd3 Ra4 30. e5 Ng6 31. Rb3 Ne7 32. Rb5 Rd8 33. Rbb3 Nd5 34.
Rfd3 Kf8 35. Bf3 Ke7 36. Kd2 Ra2 37. Kc1 Ra4 38. Kd2 Ra5 39. Kc1 Raa8 40. Kb2
Rac8 41. Na3 Nb4 42. Rxd8 Rxd8 43. Nc4 Rd4 44. Kc3 Rd3+ 45. Kb2 Rxb3+ 46. Kxb3
Nd5 47. Nd2 Kd7 48. Ne4 h6 49. Kc4 Kc6 50. Nxc5 bxc5 51. g4 g5 52. f5 Kb6 53.
Bxd5 exd5+ 54. Kxd5 c4 55. Kxc4 Kc6 56. Kd4 Kd7 57. Kd5 Ke7 58. f6+ Kd7 59. g3
Ke8 60. Kc6 Kd8 61. Kd6 Ke8 62. Kc7 Kf8 63. Kd7 h5 64. gxh5 g4 65. Kd6 Kg8 66.
Ke7 1-0

[Event "PNWCC Masters 2020"]
[Site "chess.com INT"]
[Date "2020.05.24"]
[Round "5.1"]
[White "Postny, Evgeny"]
[Black "Vitiugov, Nikita"]
[Result "0-1"]
[WhiteTitle "GM"]
[BlackTitle "GM"]
[WhiteElo "2600"]
[BlackElo "2722"]
[WhiteFideId "2804344"]
[BlackFideId "4152956"]
[EventDate "2020.05.23"]

1. d4 Nf6 2. c4 g6 3. Nc3 Bg7 4. e4 d6 5. Nf3 O-O 6. Be2 e5 7. d5 a5 8. h3 Na6
9. Bg5 Qe8 10. Nd2 Nd7 11. a3 f6 12. Be3 f5 13. f3 Qd8 14. O-O Nf6 15. b4 Nh5
16. c5 Nf4 17. Kh2 Qg5 18. Rg1 Qh5 19. Bf1 Bh6 20. Nc4 Bd7 21. g3 Nxh3 22. Bxh3
Bxe3 23. Nxe3 fxe4 24. Ng4 exf3 25. Nf2 axb4 26. axb4 Bxh3 27. Nxh3 Qg4 28. cxd6
cxd6 29. Re1 Qxb4 30. Ne4 Nc5 31. Qd2 Qxd2+ 32. Nxd2 f2 33. Rf1 Rxa1 34. Rxa1
Nb3 35. Nxb3 f1=Q 36. Rxf1 Rxf1 37. Na5 Rb1 38. Nc4 b5 39. Nxd6 b4 40. Nc4 Rc1
41. Nxe5 b3 42. Nd3 b2 43. Nxb2 Rc2+ 44. Kg1 Rxb2 0-1

[Event "PNWCC Masters 2020"]
[Site "chess.com INT"]
[Date "2020.05.24"]
[Round "5.2"]
[White "Sevian, Samuel"]
[Black "Predojevic, Borki"]
[Result "1/2-1/2"]
[WhiteTitle "GM"]
[BlackTitle "GM"]
[WhiteElo "2660"]
[BlackElo "2601"]
[WhiteFideId "2040506"]
[BlackFideId "930849"]
[EventDate "2020.05.23"]

1. e4 c6 2. d4 d5 3. e5 c5 4. dxc5 e6 5. Be3 Nd7 6. Nf3 Bxc5 7. Bxc5 Nxc5 8. Qd4
Qb6 9. Nc3 Ne7 10. O-O-O Bd7 11. Bd3 Nxd3+ 12. Qxd3 O-O-O 13. Nd4 Nc6 14. Qe3
Nxd4 15. Rxd4 Kb8 16. Rhd1 Bc6 17. Qg5 Rdg8 18. f4 h6 19. Qg3 Qc7 20. f5 Re8 21.
Qxg7 Rhg8 22. Qxh6 Qxe5 23. fxe6 Rxe6 24. Qh4 Qe3+ 25. R1d2 Rh6 26. Qf4+ Qxf4
27. Rxf4 Rxh2 28. g4 Rh1+ 29. Rd1 Rxd1+ 30. Nxd1 Bd7 31. Rxf7 Bxg4 32. Ne3 Be6
33. Rf6 d4 34. Rxe6 dxe3 35. Rxe3 Kc7 36. Kd2 a5 37. c4 Kc6 38. Kc3 b6 39. Kb3
Rg2 40. Rh3 Rg5 41. Kc3 Kc5 42. Re3 b5 43. cxb5 Kxb5 44. Kb3 a4+ 45. Kc3 Rh5 46.
Kd4 Rh4+ 47. Re4 Rxe4+ 48. Kxe4 Kc4 49. Ke3 a3 50. b3+ Kc3 51. Ke2 Kb2 52. Kd2
Kxa2 53. Kc2 Ka1 54. b4 a2 55. b5 1/2-1/2

[Event "PNWCC Masters 2020"]
[Site "chess.com INT"]
[Date "2020.05.24"]
[Round "5.3"]
[White "Tang, Andrew"]
[Black "Kuzubov, Yuriy"]
[Result "0-1"]
[WhiteTitle "GM"]
[BlackTitle "GM"]
[WhiteElo "2538"]
[BlackElo "2643"]
[WhiteFideId "2059630"]
[BlackFideId "14112906"]
[EventDate "2020.05.23"]

1. d4 Nf6 2. Bf4 d5 3. e3 e6 4. Nf3 c5 5. Nbd2 Nc6 6. c3 Nh5 7. Bg5 Qb6 8. dxc5
Qxc5 9. e4 h6 10. Be3 Qd6 11. Bb5 dxe4 12. Nd4 Nf6 13. Nc4 Qc7 14. Nxc6 bxc6 15.
Bf4 Qxf4 16. Bxc6+ Bd7 17. Bxa8 Qb8 18. Bxe4 Nxe4 19. Qd4 Nf6 20. O-O-O Qc7 21.
Nd6+ Bxd6 22. Qxd6 Qxd6 23. Rxd6 Ke7 24. Ra6 Ra8 25. Rd1 Ng4 26. f3 Ne3 27. Rd2
Nc4 28. Rd4 Bb5 29. Rxc4 Bxc4 30. Rc6 Bxa2 31. Rc7+ Kf6 32. b4 a5 33. b5 Rb8 34.
Kb2 Bd5 35. c4 Bxc4 36. Rxc4 Rxb5+ 37. Kc3 h5 38. h4 Rb4 39. Rc5 Rxh4 40. Rxa5
Rh2 0-1

[Event "PNWCC Masters 2020"]
[Site "chess.com INT"]
[Date "2020.05.24"]
[Round "5.4"]
[White "Xiong, Jeffery"]
[Black "Tran, Tuan Minh"]
[Result "1-0"]
[WhiteTitle "GM"]
[BlackTitle "GM"]
[WhiteElo "2709"]
[BlackElo "2518"]
[WhiteFideId "2047640"]
[BlackFideId "12401820"]
[EventDate "2020.05.23"]

1. d4 Nf6 2. c4 e6 3. g3 c5 4. Nf3 cxd4 5. Nxd4 Nc6 6. Bg2 Qa5+ 7. Nc3 Nxd4 8.
Qxd4 Bc5 9. Qd3 Ng4 10. O-O Ne5 11. Qc2 O-O 12. b3 a6 13. Bb2 Qc7 14. Ne4 Be7
15. Qc3 f6 16. Rfd1 Rb8 17. Qd2 b6 18. Nd6 Bxd6 19. Qxd6 Qxd6 20. Rxd6 Nf7 21.
Rd2 Rd8 22. Rad1 Kf8 23. Be4 f5 24. Bg2 d6 25. e4 fxe4 26. Bxe4 Bb7 27. Bxh7 1-0

[Event "PNWCC Masters 2020"]
[Site "chess.com INT"]
[Date "2020.05.24"]
[Round "5.5"]
[White "Guseinov, Gadir"]
[Black "Murzin, Volodar"]
[Result "1-0"]
[WhiteTitle "GM"]
[BlackTitle "IM"]
[WhiteElo "2665"]
[BlackElo "2465"]
[WhiteFideId "13401378"]
[BlackFideId "44155573"]
[EventDate "2020.05.23"]

1. e4 c6 2. d4 d5 3. Nd2 dxe4 4. Nxe4 Bf5 5. Ng3 Bg6 6. h4 h6 7. Nf3 Nd7 8. h5
Bh7 9. Bd3 Bxd3 10. Qxd3 e6 11. Bd2 Ngf6 12. O-O-O Be7 13. Ne4 Nxe4 14. Qxe4 Nf6
15. Qd3 O-O 16. Kb1 Qd5 17. Ne5 c5 18. Be3 cxd4 19. Bxd4 b5 20. g4 Rad8 21. g5
hxg5 22. h6 Qxd4 23. Qxd4 Rxd4 24. Rxd4 Bc5 25. Rd2 Bb6 26. f4 g4 27. hxg7 Kxg7
28. Rg2 Rd8 29. c3 Rd5 30. Nxg4 Nxg4 31. Rxg4+ Kf6 32. Rh6+ Ke7 33. Rg5 f5 34.
Kc2 Be3 35. Rgg6 Bxf4 36. Rxe6+ Kd7 37. Rhg6 Rd2+ 38. Kb3 Rf2 39. Ra6 Be3 40.
Rg7+ Kd8 41. Rd6+ Kc8 42. Re6 Bb6 43. Re8+ Bd8 44. Rxa7 1-0

[Event "PNWCC Masters 2020"]
[Site "chess.com INT"]
[Date "2020.05.24"]
[Round "5.6"]
[White "Tarjan, James"]
[Black "Bernadskiy, Vitaliy"]
[Result "0-1"]
[WhiteTitle "GM"]
[BlackTitle "GM"]
[WhiteElo "2381"]
[BlackElo "2629"]
[WhiteFideId "2000180"]
[BlackFideId "14100371"]
[EventDate "2020.05.23"]

1. c4 g6 2. g3 Bg7 3. Bg2 e6 4. d4 Ne7 5. Nf3 O-O 6. O-O d5 7. Qc2 Nbc6 8. Rd1
b6 9. b3 Bb7 10. Bb2 Nf5 11. cxd5 exd5 12. e3 Nce7 13. Nc3 Nd6 14. Rac1 h6 15.
Ne2 c6 16. Nf4 Bc8 17. Ne5 Bf5 18. Qe2 Rc8 19. g4 Bd7 20. h3 g5 21. Nxd7 Qxd7
22. Nd3 Qe6 23. f4 f5 24. Ne5 Ne4 25. Ba3 c5 26. Bxe4 dxe4 27. Qc4 Qxc4 28. Rxc4
Nd5 29. Bc1 gxf4 30. exf4 cxd4 31. Rdxd4 Rxc4 32. Rxc4 e3 33. Nd3 Rd8 34. Bb2 b5
35. Rc2 Bxb2 36. Rxb2 Nxf4 37. Nxf4 Rd1+ 38. Kg2 Rd2+ 39. Kf3 fxg4+ 40. hxg4
Rxb2 0-1

[Event "PNWCC Masters 2020"]
[Site "chess.com INT"]
[Date "2020.05.24"]
[Round "5.7"]
[White "Daggupati, Balaji"]
[Black "Belous, Vladimir"]
[Result "0-1"]
[WhiteTitle "FM"]
[BlackTitle "GM"]
[WhiteElo "2331"]
[BlackElo "2524"]
[WhiteFideId "2090759"]
[BlackFideId "4174003"]
[EventDate "2020.05.23"]

1. e4 c5 2. Nf3 e6 3. d4 cxd4 4. Nxd4 Nc6 5. Nc3 Qc7 6. Be2 Nf6 7. O-O Be7 8.
Kh1 O-O 9. f4 d6 10. Be3 a6 11. Qe1 Na5 12. Rd1 b5 13. a3 Bb7 14. Bf3 Nc4 15.
Bc1 Rac8 16. Nb1 Rfe8 17. Nd2 Nxd2 18. Bxd2 Bf8 19. Bc3 e5 20. fxe5 dxe5 21. Nf5
g6 22. Ne3 Bg7 23. Qh4 a5 24. Nd5 Bxd5 25. exd5 Qb6 26. Qf2 Qxf2 27. Rxf2 b4 28.
axb4 axb4 29. Bxb4 e4 30. d6 exf3 31. d7 Nxd7 32. Rxd7 Rc4 33. Bd2 Bd4 34. Rxf3
Rxc2 35. Rxd4 Rc1+ 0-1

[Event "PNWCC Masters 2020"]
[Site "chess.com INT"]
[Date "2020.05.24"]
[Round "5.8"]
[White "Wang, Jason"]
[Black "Shabalov, Alexander"]
[Result "1-0"]
[WhiteTitle "FM"]
[BlackTitle "GM"]
[WhiteElo "2312"]
[BlackElo "2528"]
[WhiteFideId "30908124"]
[BlackFideId "2008572"]
[EventDate "2020.05.23"]

1. d4 Nf6 2. c4 c5 3. d5 b5 4. cxb5 a6 5. bxa6 g6 6. Nc3 Bg7 7. e4 O-O 8. Be2
Qa5 9. Bd2 Bxa6 10. Nf3 Bxe2 11. Qxe2 Qa6 12. a4 Qxe2+ 13. Kxe2 d6 14. Bg5 Na6
15. Nd2 Nc7 16. Nb5 Nxb5 17. axb5 Rab8 18. Ra5 e6 19. Bxf6 Bxf6 20. Nc4 Bd8 21.
Ra6 exd5 22. exd5 Rxb5 23. Rxd6 Bg5 24. Rb6 Rxb6 25. Nxb6 Rb8 26. Nc4 Bf6 27. d6
Kf8 28. Kd3 Ke8 29. Ke4 Kd7 30. Kd5 Rb3 31. Ra1 Rd3+ 32. Kxc5 Bd4+ 33. Kb4 Kc6
34. Rc1 Bc5+ 35. Ka4 Rd4 36. b4 Bxd6 37. Nxd6+ Kxd6 38. Rc2 h5 39. Ka5 h4 40. b5
Rd1 41. b6 f5 42. b7 Rb1 43. Ka6 Ra1+ 44. Kb6 Rb1+ 45. Ka7 Ra1+ 46. Kb8 Kd7 47.
Rd2+ Ke7 48. Rd4 1-0

[Event "PNWCC Masters 2020"]
[Site "chess.com INT"]
[Date "2020.05.24"]
[Round "5.9"]
[White "Bosiocic, Marin"]
[Black "Kavutskiy, Konstantin"]
[Result "1-0"]
[WhiteTitle "GM"]
[BlackTitle "IM"]
[WhiteElo "2625"]
[BlackElo "2391"]
[WhiteFideId "14507927"]
[BlackFideId "2026384"]
[EventDate "2020.05.23"]

1. d4 Nf6 2. Bg5 d5 3. e3 g6 4. Nd2 Bg7 5. c3 O-O 6. Bd3 Nbd7 7. f4 b6 8. Ngf3
Bb7 9. Ne5 Ne8 10. Qg4 Nxe5 11. fxe5 f6 12. Bf4 fxe5 13. dxe5 Bc8 14. Qg3 Bf5
15. Bxf5 Rxf5 16. Nf3 c5 17. O-O-O Rf8 18. h4 b5 19. h5 gxh5 20. Rxh5 b4 21.
Rdh1 bxc3 22. Rxh7 cxb2+ 23. Kb1 e6 24. Qg6 1-0

[Event "PNWCC Masters 2020"]
[Site "chess.com INT"]
[Date "2020.05.24"]
[Round "5.10"]
[White "Beatrez, Patrick"]
[Black "Fedoseev, Vladimir3"]
[Result "0-1"]
[BlackTitle "GM"]
[WhiteElo "1879"]
[BlackElo "2678"]
[WhiteFideId "30937167"]
[BlackFideId "24130737"]
[EventDate "2020.05.23"]

1. e4 c5 2. Nf3 d6 3. d4 cxd4 4. Nxd4 Nf6 5. Nc3 a6 6. Bc4 e6 7. Bb3 Nbd7 8. f4
Nc5 9. f5 e5 10. Nde2 h6 11. Be3 Nxb3 12. axb3 Bd7 13. O-O Bc6 14. Nd5 Bxd5 15.
exd5 Ng4 16. Qd3 Qh4 17. h3 Nxe3 18. Qxe3 Be7 19. Ra4 Qg5 20. Qd3 Bd8 21. Nc3
Bb6+ 22. Kh1 Qe3 23. Qxe3 Bxe3 24. Ne4 Kd7 25. Rf3 Bc1 26. f6 g6 27. Ra2 h5 28.
h4 Bh6 29. c4 a5 30. b4 axb4 31. Rxa8 Rxa8 32. Rb3 Ra1+ 33. Kh2 Re1 34. Ng5 Bxg5
35. hxg5 Re4 36. Rxb4 Kc7 37. b3 Rg4 38. Rb5 b6 39. g3 Rxg5 40. b4 e4 41. c5
bxc5 42. bxc5 Rxd5 43. cxd6+ Kxd6 44. Rb7 Ke6 45. Re7+ Kxf6 46. Rxe4 Rd2+ 47.
Kg1 g5 48. Kf1 Kf5 49. Ra4 f6 50. Rb4 Ke5 51. Ra4 Rd4 52. Ra6 h4 53. gxh4 Rxh4 0-1

[Event "PNWCC Masters 2020"]
[Site "chess.com INT"]
[Date "2020.05.24"]
[Round "5.11"]
[White "Tsay, Vincent"]
[Black "Melkumyan, Hrant"]
[Result "0-1"]
[WhiteTitle "FM"]
[BlackTitle "GM"]
[WhiteElo "2310"]
[BlackElo "2663"]
[WhiteFideId "30931835"]
[BlackFideId "13302485"]
[EventDate "2020.05.23"]

1. d4 Nf6 2. c4 g6 3. Nc3 Bg7 4. e4 d6 5. Nf3 O-O 6. Bd3 Bg4 7. Be2 c5 8. Be3
Bxf3 9. Bxf3 cxd4 10. Bxd4 Nc6 11. Be3 Qa5 12. O-O Rfc8 13. Be2 Nd7 14. Rc1 Nc5
15. f3 Ne6 16. Nd5 Qxa2 17. Ra1 Qxb2 18. Rb1 Qa3 19. Rb3 Qa5 20. Rxb7 Qd8 21. f4
Nc5 22. Bxc5 dxc5 23. Nxe7+ Nxe7 24. Qxd8+ Rxd8 25. Rxe7 Bd4+ 26. Kh1 a5 27. f5
a4 28. fxg6 hxg6 29. Bg4 a3 30. Rexf7 a2 31. Be6 a1=Q 32. Ra7+ Kh8 33. Rfxa1
Bxa1 34. Rxa8 Rxa8 35. Bd5 Ra2 0-1

[Event "PNWCC Masters 2020"]
[Site "chess.com INT"]
[Date "2020.05.24"]
[Round "5.12"]
[White "Hevia Alejano, Carlos Antonio"]
[Black "Liang, Jason"]
[Result "1-0"]
[WhiteTitle "GM"]
[BlackTitle "FM"]
[WhiteElo "2467"]
[BlackElo "2340"]
[WhiteFideId "3508811"]
[BlackFideId "30940303"]
[EventDate "2020.05.23"]

1. c4 e6 2. Nf3 d5 3. g3 Nf6 4. Bg2 Be7 5. O-O O-O 6. d4 dxc4 7. Ne5 Nc6 8. Bxc6
bxc6 9. Nxc6 Qe8 10. Nxe7+ Qxe7 11. Qa4 e5 12. dxe5 Qxe5 13. Nc3 Qh5 14. Qxc4
Rb8 15. f3 Bb7 16. Qxc7 Qh3 17. Rf2 Rfc8 18. Qa5 Ba8 19. e4 Nh5 20. g4 Nf6 21.
Bf4 Nxg4 22. Bxb8 Nxf2 23. Bg3 Nd3 24. Rd1 Qd7 25. Rd2 Qd4+ 26. Bf2 Qe5 27. Qa6
Rc6 28. Qxd3 h5 29. Bg3 Qc5+ 30. Qd4 Qxd4+ 31. Rxd4 Kh7 32. Rd7 Rg6 33. Kf2 Rb6
34. Rxf7 Rxb2+ 35. Ke3 Rc2 36. Be5 Bc6 37. Rxg7+ Kh6 38. Rxa7 Be8 39. Nd5 1-0

[Event "PNWCC Masters 2020"]
[Site "chess.com INT"]
[Date "2020.05.24"]
[Round "5.13"]
[White "Yoo, Christopher Woojin"]
[Black "Morefield, Jason"]
[Result "0-1"]
[WhiteTitle "IM"]
[BlackTitle "FM"]
[WhiteElo "2455"]
[BlackElo "2227"]
[WhiteFideId "30909694"]
[BlackFideId "30920825"]
[EventDate "2020.05.23"]

1. e4 d6 2. d4 Nf6 3. Nc3 g6 4. f4 Bg7 5. Nf3 c5 6. dxc5 Qa5 7. Qd3 Qxc5 8. Be3
Qa5 9. O-O-O O-O 10. Kb1 Nc6 11. h3 a6 12. Bd2 Nb4 13. Qc4 Be6 14. Nd5 Nfxd5 15.
exd5 Qxd5 16. Qxd5 Nxd5 17. Re1 Rac8 18. g4 b5 19. Bd3 Nb6 20. Rhf1 Na4 21. f5
Bc4 22. Bxc4 bxc4 23. b3 cxb3 24. cxb3 Nc3+ 25. Bxc3 Rxc3 26. Rxe7 Rfc8 27. fxg6
hxg6 28. Nd2 d5 29. Rd7 Rd3 30. Nf3 a5 31. h4 a4 32. Rb7 a3 33. Re7 Bb2 34. Ree1
Rdc3 35. Nd4 Rg3 36. Nb5 Rg2 37. Rg1 Rxg1 38. Rxg1 Rc5 39. Nd6 Be5 40. b4 Rc6
41. Nb5 Bb2 42. h5 Rb6 43. Nc7 Bd4 44. Nxd5 Bxg1 45. Nxb6 Bxb6 46. hxg6 fxg6 47.
Kc2 Kf7 48. Kb3 Kf6 49. Kxa3 Kg5 50. Ka4 Kxg4 51. Kb5 Be3 52. a4 Kf4 53. a5 g5
54. Kc6 g4 55. b5 g3 56. b6 g2 57. a6 g1=Q 58. a7 Qg2+ 59. Kc7 Bxb6+ 60. Kxb6
Qa8 0-1

[Event "PNWCC Masters 2020"]
[Site "chess.com INT"]
[Date "2020.05.24"]
[Round "5.14"]
[White "Polivanov, Anatoliy"]
[Black "Eswaran, Ashritha"]
[Result "1-0"]
[WhiteTitle "IM"]
[BlackTitle "WIM"]
[WhiteElo "2452"]
[BlackElo "2244"]
[WhiteFideId "14109468"]
[BlackFideId "2080788"]
[EventDate "2020.05.23"]

1. e4 c5 2. Nf3 d6 3. d4 cxd4 4. Nxd4 Nf6 5. Nc3 g6 6. Be3 Bg7 7. Be2 Nc6 8. h4
h5 9. f3 Bd7 10. Qd2 Rc8 11. O-O-O Ne5 12. Kb1 Nc4 13. Bxc4 Rxc4 14. Qd3 Rc8 15.
Nd5 Qa5 16. Nb3 Qa4 17. Nxe7 Kxe7 18. Qxd6+ Ke8 19. e5 Be6 20. exf6 Bxf6 21. Bd4
Bxd4 22. Qxd4 Qxd4 23. Nxd4 Ke7 24. Nxe6 fxe6 25. Rd4 Rhd8 26. Rhd1 Rxd4 27.
Rxd4 Rc5 28. c4 g5 29. Kc2 gxh4 30. Rxh4 Rg5 31. g4 hxg4 32. Rxg4 Rf5 33. Rg7+
Kd6 34. Rxb7 Rxf3 35. Rxa7 Kc5 36. Rc7+ Kd6 37. Rc8 e5 38. Re8 Rf2+ 39. Kc3 Rf3+
40. Kb4 Rf2 41. Kb3 Rf3+ 42. Ka4 Rf2 43. b4 Rxa2+ 44. Kb5 Re2 45. c5+ Kd7 46.
Rh8 Rb2 47. c6+ Kd6 48. Rd8+ Kc7 49. Rd7+ Kc8 50. Re7 Rb1 51. Rxe5 Kc7 52. Re7+
Kd8 53. Rd7+ Kc8 54. Kc5 Rb2 55. b5 Rb1 56. Kb6 Re1 57. Ra7 Kd8 58. Ra8+ Ke7 59.
c7 Re6+ 60. Kb7 1-0

[Event "PNWCC Masters 2020"]
[Site "chess.com INT"]
[Date "2020.05.24"]
[Round "5.15"]
[White "Talukdar, Rohan"]
[Black "Aditya, Mittal"]
[Result "0-1"]
[WhiteTitle "FM"]
[BlackTitle "IM"]
[WhiteElo "2341"]
[BlackElo "2438"]
[WhiteFideId "2616378"]
[BlackFideId "35042025"]
[EventDate "2020.05.23"]

1. e4 c5 2. Nf3 d6 3. d4 cxd4 4. Nxd4 Nf6 5. Nc3 a6 6. Be3 e5 7. Nb3 Be7 8. f3
Be6 9. Qd2 O-O 10. O-O-O Nbd7 11. g4 b5 12. g5 b4 13. Ne2 Nh5 14. Ng3 a5 15.
Nxh5 a4 16. Na1 Bxa2 17. Rg1 Kh8 18. f4 b3 19. Nxg7 a3 20. cxb3 Qc7+ 21. Qc3
Rfc8 22. Qxc7 Rxc7+ 23. Bc4 Bxb3 24. Nxb3 Rxc4+ 25. Kb1 Rb4 26. Nf5 Rxb3 27.
Nxe7 Rxe3 28. Rxd6 a2+ 29. Kc2 Nc5 30. Ra1 Re2+ 31. Kc3 Nxe4+ 32. Kd3 Rd2+ 33.
Kxe4 Rxd6 34. Nd5 exf4 35. Nc3 Rb6 36. Rxa2 Rxa2 37. Nxa2 Rxb2 38. Nc3 f3 0-1

[Event "PNWCC Masters 2020"]
[Site "chess.com INT"]
[Date "2020.05.24"]
[Round "5.16"]
[White "Nguyen, Thanh Thuy Tien"]
[Black "Sarkar, Justin"]
[Result "1/2-1/2"]
[WhiteTitle "WIM"]
[BlackTitle "IM"]
[WhiteElo "1971"]
[BlackElo "2380"]
[WhiteFideId "12400998"]
[BlackFideId "2010011"]
[EventDate "2020.05.23"]

1. Nf3 g6 2. c4 c5 3. d4 cxd4 4. Nxd4 Bg7 5. e4 Nc6 6. Be3 Nf6 7. Nc3 Ng4 8.
Qxg4 Nxd4 9. Qd1 e5 10. Qd2 O-O 11. Rd1 d6 12. Be2 a6 13. O-O Be6 14. b3 Qa5 15.
Bd3 b5 16. Nd5 Qxd2 1/2-1/2